000 00591nam a2200217 4500
003 OSt
005 20240719074236.0
006 a
008 240719b |||||||| |||| 00| 0 eng d
020 _a9780070164833
040 _aDWCL-Main lib.
_cOC
082 _2Eighth edition
_aCirc. 590 M651z 2007
100 _aHarley, John P.
245 _aZoology /
250 _aEighth edition
260 _aN. Y. :
_bMcGraw-Hill,
_cc2007.
300 _axvi,
_b592 p. : col. ill. ;
_c28 cm.
504 _aIncludes index.
650 _a1. Zoology.
942 _2ddc
_n0
_cBK-CIRC
_eEighth edition
_kCirc.
999 _c2452
_d2452